| 000 | 00697nam a22001697a 4500 | ||
|---|---|---|---|
| 999 |
_c63224 _d63224 |
||
| 003 | Ge_BSU | ||
| 005 | 20250701155759.0 | ||
| 008 | 250701s1975 ge ||||| |||| 00| 0 geo d | ||
| 041 | _ageo | ||
| 080 | _a908(47+57) შ-26 | ||
| 100 |
_aშარიქაძე, სავლე, _925586 |
||
| 245 |
_aსაბჭოთა ხალხის საბრძოლო პროგრამა. / _cსავლე შარიქაძე |
||
| 264 |
_aთბილისი: _bსაბჭ. საქართველო, _c 1975. |
||
| 300 |
_a92გვ. ; _b19 სმ. |
||
| 653 | _aსსრკ კომუნისტური მშენებლობა. | ||
| 942 |
_2udc _cᲬᲘᲒᲜᲘ |
||